000 01033nam2a22002531 4500
001 RU\NLR\INFOCOMM6\5000058652
005 20260607111448.0
035 _a(NLR Aleph) 002416456
090 _a13724284
_c13724284
100 _a20050120d1956 |||y0rusy50 ca
101 0 _arus
105 _ay ||||000|y
200 1 _aВозможности увеличения подачи при торцовом фрезеровании стали и чугуна для фрез с дополнительными кромками
_fП.П. Грудов и др.
210 _d1956
225 1 _aТема 12
461 0 _1001RU\NLR\INFOCOMM6\5000058389
_12001#$aИнформация о научно-исследовательских работах$fАкад. наук СССР. Ин-т техн.-экон. информации$v№И-56-29
700 1 _aГрудов
_bП. П.
_4070
801 0 _aRU
_bNLR
_gPSBO
801 1 _aRU
_bInfoComm
_c20050121
852 _aNLR
_jП11/1147
942 _cISSUE
980 _aRUSPER
980 _aNB